[Event "Xtracon Chess Open 2019"]
[Site "Helsingor DEN"]
[Date "2019.07.24"]
[Round "6.108"]
[White "Heinsohn, Michael"]
[Black "Hina, Ariza"]
[Result "1-0"]
[WhiteElo "1959"]
[BlackElo "1651"]
[WhiteFideId "4665546"]
[BlackFideId "1525441"]
[EventDate "2019.07.20"]

1. d4 d5 2. c4 e6 3. Nf3 Nf6 4. g3 Nbd7 5. Nbd2 c6 6. Bg2 Be7 7. O-O O-O 8. Qc2
b6 9. e4 dxe4 10. Nxe4 c5 11. Nfg5 Rb8 12. Bf4 Nxe4 13. Nxe4 e5 14. Bxe5 Nxe5
15. dxe5 Bb7 16. Rad1 Qc7 17. f4 Rbd8 18. Rxd8 Rxd8 19. Rd1 Rxd1+ 20. Qxd1 Bxe4
21. Bxe4 g6 22. h4 Qc8 23. Kh2 Kg7 24. Qd3 Qe6 25. Qd5 Qg4 26. Bf3 Qf5 27. Qe4
Qd7 28. Qb7 Qxb7 29. Bxb7 f5 30. Kg2 Bd8 31. Kf3 Kf7 32. Bc8 h5 33. Bb7 Ke7 34.
Bd5 a6 35. Bb7 b5 36. Bxa6 bxc4 37. Bxc4 Ba5 38. Ke2 Bb4 39. a3 Ba5 40. a4 Bb4
41. Bg8 Ba5 42. Bh7 Kf7 43. e6+ Kxe6 44. Bxg6 c4 45. Bxh5 c3 46. bxc3 Bxc3 47.
Bf3 Kf6 48. g4 fxg4 49. Bxg4 Ba5 50. Kd3 Be1 51. h5 Bg3 52. Ke4 Be1 53. Bf5 Kg7
54. Bg6 Bc3 55. Kd5 Kf6 56. Kc6 Ke7 57. Kb5 Kd7 58. Kb6 Kc8 59. a5 Kb8 60. a6
Bd4+ 61. Kc6 Be3 62. f5 Bd4 63. Bf7 Kc8 64. h6 Kb8 65. Kd7 Ka7 66. Bc4 1-0

[Event "Xtracon Chess Open 2019"]
[Site "Helsingor DEN"]
[Date "2019.07.24"]
[Round "6.109"]
[White "Zheng, Harry Z"]
[Black "Jarlnaes, Erik"]
[Result "1-0"]
[WhiteElo "1597"]
[BlackElo "1959"]
[WhiteFideId "460982"]
[BlackFideId "1414623"]
[EventDate "2019.07.20"]

1. e4 e6 2. d4 d5 3. Nd2 dxe4 4. Nxe4 Nf6 5. Ng3 c5 6. Bb5+ Bd7 7. Bxd7+ Qxd7 8.
Nf3 Nc6 9. Be3 Ng4 10. O-O Rd8 11. c3 Nxe3 12. fxe3 Be7 13. Qe2 O-O 14. Rad1 Qc7
15. Ne4 cxd4 16. exd4 h6 17. Nf2 a6 18. Nd3 b5 19. Nde5 Nxe5 20. Nxe5 Bd6 21.
Nf3 Rb8 22. Rfe1 Rfc8 23. Rc1 Bf4 24. Rc2 g5 25. g3 Bd6 26. Qf1 Qc4 27. b3 Qxf1+
28. Rxf1 g4 29. Nd2 f5 30. Re1 Kf7 31. Nb1 Re8 32. Rf2 Kg6 33. Rfe2 Kf6 34. Nd2
h5 35. Nf1 Rbc8 36. Ne3 Re7 37. c4 Bb4 38. Rf1 Bc3 39. Rd1 Kg5 40. Nd5 Rd7 41.
Nxc3 bxc4 42. b4 Rd6 43. Re5 Rcd8 44. Ne4+ 1-0

[Event "Xtracon Chess Open 2019"]
[Site "Helsingor DEN"]
[Date "2019.07.24"]
[Round "6.110"]
[White "Nilsson, Patrik2"]
[Black "Larsen, Mette Dalsgaard"]
[Result "1-0"]
[WhiteElo "1932"]
[BlackElo "1637"]
[WhiteFideId "1708112"]
[BlackFideId "1430718"]
[EventDate "2019.07.20"]

1. e4 e6 2. d4 d5 3. Nd2 dxe4 4. Nxe4 Be7 5. Nf3 Nf6 6. Bd3 Nbd7 7. Qe2 O-O 8.
O-O c5 9. Nxf6+ Bxf6 10. Qe4 g6 11. Bh6 Bg7 12. Bxg7 Kxg7 13. dxc5 Qc7 14. b4
Kg8 15. Qh4 f6 16. Rfe1 e5 17. Bc4+ Kg7 18. Rad1 Nb8 19. Re3 Nc6 20. a3 Bf5 21.
Bb3 Rad8 22. Ree1 Rfe8 23. Qg3 Re7 24. Nh4 Bc8 25. c3 Ree8 26. Bc2 Ne7 27. h3
Be6 28. Nf3 Nd5 29. Nd2 Nf4 30. Ne4 Bf5 31. Qf3 Bxe4 32. Bxe4 Ne6 33. Bxb7 1-0

[Event "Xtracon Chess Open 2019"]
[Site "Helsingor DEN"]
[Date "2019.07.24"]
[Round "6.111"]
[White "Mehringer, Joerg"]
[Black "Iskos, Lukas"]
[Result "1/2-1/2"]
[WhiteElo "1923"]
[BlackElo "1622"]
[WhiteFideId "12915351"]
[BlackFideId "1461613"]
[EventDate "2019.07.20"]

1. e4 e5 2. Nf3 Nc6 3. Bc4 Nf6 4. Nc3 Bc5 5. O-O d6 6. h3 O-O 7. a3 Be6 8. Bxe6
fxe6 9. d3 h6 10. Na4 Bb6 11. c3 d5 12. Qc2 Qd7 13. b4 a6 14. Nxb6 cxb6 15. Bb2
Rac8 16. Rae1 Nd4 17. Nxd4 exd4 18. Qd2 dxc3 19. Bxc3 d4 20. Ba1 e5 21. f4 Rfe8
22. fxe5 Rxe5 23. Rc1 Rxc1 24. Rxc1 Rg5 25. Kh1 b5 26. Qf2 Qd6 27. Bxd4 Nh5 28.
Be3 Ng3+ 29. Kg1 Qxd3 30. Rc8+ Kh7 31. Bxg5 Qd1+ 1/2-1/2

[Event "Xtracon Chess Open 2019"]
[Site "Helsingor DEN"]
[Date "2019.07.24"]
[Round "6.112"]
[White "Lindgaard, Tobias Simon"]
[Black "Shehzad, Shazil"]
[Result "0-1"]
[WhiteElo "1804"]
[BlackElo "2088"]
[WhiteFideId "1419820"]
[BlackFideId "1521942"]
[EventDate "2019.07.20"]

1. c4 e5 2. g3 Nf6 3. Bg2 c6 4. d4 exd4 5. Qxd4 d5 6. Bg5 Be7 7. cxd5 cxd5 8.
Nf3 Nc6 9. Qa4 h6 10. Be3 Ng4 11. Bd4 O-O 12. Nc3 Nxd4 13. Nxd4 Nf6 14. Rd1 Qb6
15. Qc2 Bc5 16. e3 Bg4 17. Rd2 Rac8 18. h3 Be6 19. Qb3 Bb4 20. O-O Qa5 21. Rc1
Bxc3 22. Rxc3 Rxc3 23. Qxc3 Qxa2 24. b3 Qa6 25. Ne2 Ne4 26. Bxe4 dxe4 27. Nf4
Rc8 28. Qe5 Rc1+ 29. Kh2 Qf1 30. Rd8+ Kh7 31. Qxe4+ g6 32. Qg2 Qxg2+ 33. Kxg2
Bxb3 34. Ne2 Rd1 35. Nd4 a5 36. Rf8 Bd5+ 37. Nf3 Kg7 0-1

[Event "Xtracon Chess Open 2019"]
[Site "Helsingor DEN"]
[Date "2019.07.24"]
[Round "6.113"]
[White "Skjoldager, Per"]
[Black "Nielsen, Palle"]
[Result "1-0"]
[WhiteElo "2081"]
[BlackElo "1806"]
[WhiteFideId "1408828"]
[BlackFideId "1408526"]
[EventDate "2019.07.20"]

1. e4 c5 2. c3 d6 3. Nf3 Nf6 4. Qc2 Nbd7 5. d4 cxd4 6. cxd4 a6 7. a4 b6 8. Nc3
e6 9. Bd3 Bb7 10. O-O h6 11. h3 Rc8 12. Qe2 Ra8 13. Bf4 Be7 14. Rfe1 O-O 15.
Rac1 Ne8 16. Bb1 g5 17. Bh2 Ng7 18. g4 Re8 19. e5 d5 20. Qd3 Nf8 21. Nd2 Ng6 22.
h4 gxh4 23. f4 Nf8 24. f5 exf5 25. gxf5 Bg5 26. Re2 b5 27. Rg2 b4 28. Ne2 a5 29.
Nf4 Qb6 30. f6 Nge6 31. Nf3 Rec8 32. Rd1 Ba6 33. Qf5 Nxd4 34. Nxd4 Rc4 35. Rxg5+
hxg5 36. Qxg5+ Ng6 37. Qh6 1-0

[Event "Xtracon Chess Open 2019"]
[Site "Helsingor DEN"]
[Date "2019.07.24"]
[Round "6.114"]
[White "Harders, Poul Erik"]
[Black "Bremer, Erik"]
[Result "1-0"]
[WhiteElo "1676"]
[BlackElo "1444"]
[WhiteFideId "1416251"]
[BlackFideId "1411578"]
[EventDate "2019.07.20"]

1. d4 Nf6 2. c4 e6 3. Nc3 d5 4. Bg5 Be7 5. cxd5 exd5 6. e3 O-O 7. Bd3 c6 8. Nge2
Nbd7 9. Qc2 Re8 10. O-O Bf8 11. Bxh7+ Kh8 12. Bd3 Qc7 13. Bf4 Bd6 14. Nb5 cxb5
15. Qxc7 Bxc7 16. Bxc7 Nf8 17. Bxb5 Re4 18. Ng3 Rh4 19. Bd3 Ne6 20. Be5 Ng4 21.
Nf5 Nxe5 22. dxe5 Rxh2 23. Kxh2 1-0

[Event "Xtracon Chess Open 2019"]
[Site "Helsingor DEN"]
[Date "2019.07.24"]
[Round "6.115"]
[White "Bering, Anders"]
[Black "Loveid, Erik"]
[Result "1/2-1/2"]
[WhiteElo "1999"]
[BlackElo "1799"]
[WhiteFideId "1405810"]
[BlackFideId "1520067"]
[EventDate "2019.07.20"]

1. d4 Nf6 2. c4 e6 3. Nc3 Bb4 4. f3 c5 5. d5 d6 6. e4 O-O 7. Bd3 Re8 8. Ne2 Nbd7
9. O-O Ne5 10. Bg5 h6 11. Bh4 g5 12. Bg3 Nxd3 13. Qxd3 e5 14. a3 Bxc3 15. Nxc3
Nh5 16. Qd2 Rf8 17. Bf2 Qf6 18. Be3 Qg6 19. g4 Nf4 20. Bxf4 gxf4 21. Kf2 Qf6 22.
Ke2 a6 23. a4 Qh4 24. Kd3 Bd7 25. a5 Kh8 26. Na4 b5 27. axb6 Bxa4 28. Rxa4 Rfb8
29. b4 Rxb6 30. b5 Rab8 31. Rxa6 Rxa6 32. bxa6 Rb3+ 33. Kc2 Ra3 34. Kb2 Rxa6 35.
Ra1 Rxa1 36. Kxa1 Qh3 37. Qf2 Kg7 38. Kb2 h5 39. gxh5 Qxh5 40. Kc3 Qh3 41. Kd2
Kf6 42. Ke2 Kg7 43. Qg1+ Kf6 44. Kf2 Qh4+ 45. Kf1 Qh3+ 46. Ke2 Qh4 47. Qg2 Qh8
48. Kf1 Qa8 49. Qf2 Qh8 50. h4 Qh5 51. Kg2 Qg6+ 52. Kh3 Kg7 53. Kh2 Kh6 54. Qe1
Kh5 55. Kh3 Kh6 56. Qf2 Kh5 57. Qe1 1/2-1/2

[Event "Xtracon Chess Open 2019"]
[Site "Helsingor DEN"]
[Date "2019.07.24"]
[Round "6.116"]
[White "Zwisler, Lars Erik"]
[Black "Pedersen, Lars Foldager"]
[Result "0-1"]
[WhiteElo "1789"]
[BlackElo "1967"]
[WhiteFideId "1418351"]
[BlackFideId "1417649"]
[EventDate "2019.07.20"]

1. d4 Nf6 2. Bg5 c6 3. Bxf6 gxf6 4. e3 d5 5. c4 Bf5 6. Nc3 e6 7. Qb3 Qb6 8. c5
Qxb3 9. axb3 Rg8 10. g3 Bh6 11. b4 e5 12. Nge2 Na6 13. Ra4 Bc2 14. Ra1 Nxb4 15.
Kd2 Rg4 16. Bh3 Rg8 17. Rhc1 Bg6 18. Ra4 Nd3 19. Rca1 a6 20. Nd1 exd4 0-1

[Event "Xtracon Chess Open 2019"]
[Site "Helsingor DEN"]
[Date "2019.07.24"]
[Round "6.117"]
[White "Linderod, Lars Erik"]
[Black "Kalveus, Jan"]
[Result "1-0"]
[WhiteElo "1961"]
[BlackElo "1798"]
[WhiteFideId "1435965"]
[BlackFideId "1721682"]
[EventDate "2019.07.20"]

1. e4 e6 2. d4 d5 3. e5 c5 4. c3 Nc6 5. Nf3 Qb6 6. a3 c4 7. Be2 f6 8. exf6 Nxf6
9. O-O Bd6 10. Qc2 O-O 11. Bg5 Qc7 12. Nbd2 Bd7 13. g3 Rae8 14. Rae1 e5 15. dxe5
Nxe5 16. Nxe5 Bxe5 17. f4 Qc5+ 18. Kg2 Bc7 19. Bxf6 Rxf6 20. Nf3 Rh6 21. Ng5 Rf8
22. Qd2 Rd6 23. Nf3 Bb6 24. Nd4 Qc8 25. Kh1 Kh8 26. Bf3 Re8 27. Re5 Bxd4 28.
Qxd4 Bc6 29. Rfe1 Rxe5 30. Rxe5 Qh3 31. Bg2 Qd7 32. f5 b6 33. h4 Qf7 34. g4 h6
35. Kh2 Rd8 36. Kg3 Re8 37. Qf4 Rxe5 38. Qxe5 Qd7 39. Qe6 Qc7+ 40. Kh3 Qb7 41.
f6 gxf6 42. Qxf6+ Kh7 43. Qf5+ Kg7 44. Qe5+ Kh7 45. Kg3 b5 46. Kf4 a5 47. Qf5+
Kg7 48. g5 hxg5+ 49. hxg5 Kg8 50. Qg6+ Kh8 51. Qf6+ Kg8 52. Bh3 Qc7+ 53. Qe5
Qf7+ 54. Bf5 Bd7 55. Qf6 Bxf5 56. Qxf7+ Kxf7 57. Kxf5 d4 58. cxd4 b4 59. axb4
axb4 60. Ke4 c3 61. bxc3 b3 62. Kd3 1-0

[Event "Xtracon Chess Open 2019"]
[Site "Helsingor DEN"]
[Date "2019.07.24"]
[Round "6.118"]
[White "Green, Per"]
[Black "Viitaniemi, Olli"]
[Result "1-0"]
[WhiteElo "1959"]
[BlackElo "1778"]
[WhiteFideId "1703811"]
[BlackFideId "515361"]
[EventDate "2019.07.20"]

1. Nf3 c5 2. c4 Nc6 3. b3 Nf6 4. Bb2 e6 5. g3 b6 6. Bg2 Bb7 7. O-O Qc7 8. Nc3
O-O-O 9. Nb5 Qb8 10. d4 a6 11. Nc3 Nxd4 12. Nxd4 Bxg2 13. Kxg2 cxd4 14. Qxd4 Bc5
15. Qd3 Qb7+ 16. Kg1 h5 17. Na4 h4 18. Nxc5 bxc5 19. Bxf6 hxg3 20. fxg3 gxf6 21.
Rf2 f5 22. Rd1 a5 23. Qd6 Qc6 24. Qxc6+ dxc6 25. Rxd8+ Kxd8 26. e3 Ke7 27. Rd2
e5 28. Kg2 Ke6 29. Kf3 Rh3 30. Rf2 Rh8 31. Rd2 Rh3 32. Kg2 Rh8 33. Kg1 Rg8 34.
Kf1 Rg4 35. Rf2 Rg8 36. Ke1 Rd8 37. Rd2 Rxd2 38. Kxd2 f4 39. exf4 exf4 40. g4
Kf6 41. h4 Kg6 42. Ke2 f5 43. g5 1-0

[Event "Xtracon Chess Open 2019"]
[Site "Helsingor DEN"]
[Date "2019.07.24"]
[Round "6.119"]
[White "Manz, Andreas"]
[Black "Lundberg, Roland"]
[Result "1/2-1/2"]
[WhiteElo "1770"]
[BlackElo "1958"]
[WhiteFideId "24660108"]
[BlackFideId "1710656"]
[EventDate "2019.07.20"]

1. d4 d5 2. c4 c6 3. cxd5 cxd5 4. Nc3 Nf6 5. Bf4 Nc6 6. e3 Bf5 7. Qb3 Na5 8.
Qa4+ Bd7 9. Qc2 e6 10. h3 Rc8 11. Bd3 Nh5 12. Bh2 g6 13. Nf3 Nc4 14. Ne5 Nxe5
15. Bxe5 f6 16. Bh2 Kf7 17. O-O Qb6 18. Rfc1 Bd6 19. Bxd6 Qxd6 20. Qb3 Rc7 21.
Rc2 Rhc8 22. Rac1 a6 23. Ne2 Rxc2 1/2-1/2

[Event "Xtracon Chess Open 2019"]
[Site "Helsingor DEN"]
[Date "2019.07.24"]
[Round "6.120"]
[White "Ramkilde, Mikael"]
[Black "Markussen, Bernt Olav"]
[Result "1-0"]
[WhiteElo "1957"]
[BlackElo "1761"]
[WhiteFideId "1439391"]
[BlackFideId "1538845"]
[EventDate "2019.07.20"]

1. e4 e6 2. d4 d5 3. Nc3 Bb4 4. e5 c5 5. a3 Bxc3+ 6. bxc3 Qc7 7. Nf3 Nc6 8. Be2
Nge7 9. O-O Nf5 10. Bd3 c4 11. Be2 h5 12. Bg5 Qa5 13. Qd2 Bd7 14. Rfb1 Rb8 15.
g3 Nce7 16. h3 Bc6 17. Kg2 Kd7 18. Rb4 Rbf8 19. Bxe7 Nxe7 20. Nh4 f6 21. exf6
gxf6 22. Bf3 Qc7 23. Qe2 e5 24. dxe5 Qxe5 25. Qd2 Qg5 26. Qd4 Rhg8 27. Kh2 f5
28. Ng2 Ke8 29. h4 Qh6 30. Re1 Rf7 31. Nf4 Qg7 32. Qxa7 Qxc3 33. Qb8+ 1-0

[Event "Xtracon Chess Open 2019"]
[Site "Helsingor DEN"]
[Date "2019.07.24"]
[Round "6.121"]
[White "Khoo-Thwe, Louis"]
[Black "Rolvag, Birk Anders"]
[Result "1/2-1/2"]
[WhiteElo "1746"]
[BlackElo "1956"]
[WhiteFideId "1538756"]
[BlackFideId "1507753"]
[EventDate "2019.07.20"]

1. e4 c5 2. Nf3 Nc6 3. Bb5 g6 4. O-O Bg7 5. c3 e5 6. d3 Nge7 7. Be3 Qb6 8. Na3
O-O 9. b4 d6 10. bxc5 dxc5 11. Rb1 Nd8 12. Bc4 Qc6 13. Rb5 b6 14. d4 cxd4 15.
cxd4 Qxe4 16. Bg5 Qb7 17. dxe5 Be6 18. Bf6 Rc8 19. Bxe6 Nxe6 20. Qa4 Rc3 21. Qb4
Rc7 22. Nc4 Nd5 23. Rxd5 Qxd5 24. Ne3 Qc5 25. Qh4 Rd7 26. Ng4 h5 27. Bxg7 Kxg7
28. Nf6 Rd3 29. Nxh5+ gxh5 30. Qf6+ Kg8 31. Ng5 Nxg5 32. Qxg5+ Kh7 33. Qxh5+ Kg8
34. Qg5+ 1/2-1/2

[Event "Xtracon Chess Open 2019"]
[Site "Helsingor DEN"]
[Date "2019.07.24"]
[Round "6.122"]
[White "Skovgaard, Tom"]
[Black "Fuchs, Jochen"]
[Result "1-0"]
[WhiteElo "1954"]
[BlackElo "1742"]
[WhiteFideId "1406337"]
[BlackFideId "16243943"]
[EventDate "2019.07.20"]

1. e4 Nc6 2. Nf3 d5 3. exd5 Qxd5 4. Nc3 Qa5 5. Bb5 Bd7 6. O-O O-O-O 7. Re1 Bg4
8. Bxc6 bxc6 9. h3 Bh5 10. Qe2 e6 11. Qe5 Qc5 12. b4 Qxe5 13. Nxe5 Bxb4 14. Nxc6
Bxc3 15. dxc3 Rd1 16. Nxa7+ Kb7 17. Be3 Rxa1 18. Rxa1 Bg6 19. Rb1+ Ka6 20. Rb8
Be4 21. Nb5 c6 22. Nc7+ 1-0

[Event "Xtracon Chess Open 2019"]
[Site "Helsingor DEN"]
[Date "2019.07.24"]
[Round "6.123"]
[White "Nielsen, Aage Sondergaard"]
[Black "Norevall, Ulf"]
[Result "1-0"]
[WhiteElo "1936"]
[BlackElo "1739"]
[WhiteFideId "1409859"]
[BlackFideId "1705555"]
[EventDate "2019.07.20"]

1. c4 f5 2. d4 Nf6 3. Nf3 g6 4. Nc3 Bg7 5. h4 d6 6. Bg5 Nbd7 7. e3 c6 8. Qc2 Qa5
9. Nd2 e5 10. Be2 O-O 11. h5 exd4 12. Nb3 Qc7 13. Nxd4 Nc5 14. hxg6 hxg6 15.
Bxf6 Bxf6 16. O-O-O Ne4 17. Nxe4 Bxd4 18. Rxd4 fxe4 19. Qxe4 Bf5 20. Qh4 Qg7 21.
Rxd6 Kf7 22. c5 Be6 23. Bc4 Rae8 24. Rd7+ 1-0

[Event "Xtracon Chess Open 2019"]
[Site "Helsingor DEN"]
[Date "2019.07.24"]
[Round "6.124"]
[White "Voll, Oddvar U"]
[Black "Hamalainen, Joel"]
[Result "1-0"]
[WhiteElo "1927"]
[BlackElo "1736"]
[WhiteFideId "1533827"]
[BlackFideId "516660"]
[EventDate "2019.07.20"]

1. e4 c5 2. Nf3 g6 3. g3 Bg7 4. Bg2 d6 5. O-O Nc6 6. d3 Bd7 7. c3 Nf6 8. Be3 b6
9. h3 O-O 10. Nbd2 Rc8 11. Nh4 e5 12. Qe1 Ne8 13. f4 Rc7 14. f5 g5 15. Nhf3 f6
16. g4 Bc8 17. h4 h6 18. hxg5 hxg5 19. Qg3 Kf7 20. Rfd1 Rh8 21. Bf1 Ba6 22. a4
Bf8 23. Rab1 Kg8 24. b4 Bb7 25. b5 Na5 26. d4 cxd4 27. cxd4 Qa8 28. Qe1 Rhh7 29.
Bd3 Rc3 30. Nf1 Rxd3 31. Rxd3 Bxe4 32. Rc3 Qb7 33. N3d2 Bxb1 34. Qxb1 Rc7 35.
Qa2+ Kg7 36. Rxc7+ Qxc7 37. Ng3 Qc3 38. Nh5+ Kh8 39. Qf7 Qxe3+ 40. Kf1 Qh3+ 41.
Ke1 Qh4+ 42. Kf1 Qh1+ 43. Ke2 Qg2+ 44. Kd3 Qb7 45. Qxf8+ Kh7 46. Qxe8 exd4 47.
Qg6+ Kh8 48. Nxf6 Qg7 49. Qe8+ 1-0

[Event "Xtracon Chess Open 2019"]
[Site "Helsingor DEN"]
[Date "2019.07.24"]
[Round "6.125"]
[White "Strachan, Christian C."]
[Black "Steenstrup, Svend"]
[Result "1/2-1/2"]
[WhiteElo "1727"]
[BlackElo "1924"]
[WhiteFideId "1417215"]
[BlackFideId "1409182"]
[EventDate "2019.07.20"]

1. e4 c5 2. Nc3 Nc6 3. g3 g6 4. Bg2 Bg7 5. d3 a6 6. Nge2 b5 7. O-O e6 8. a3 Bb7
9. f4 Nd4 10. Nxd4 Bxd4+ 11. Kh1 h5 12. h4 Nh6 13. Ne2 Bf6 14. Qe1 Ng4 15. Ng1
Qb6 16. c3 Be7 17. Nf3 d5 18. exd5 Bxd5 19. Qe2 Ra7 20. Bd2 O-O 21. c4 Ba8 22.
Bc3 Rd8 23. Rad1 b4 24. Bd2 Rad7 25. Bc1 bxa3 26. bxa3 Qb3 27. d4 cxd4 28. Qd3
Qxd3 29. Rxd3 Be4 30. Rb3 d3 31. Bd2 Rc7 32. Ba5 d2 33. Nxd2 Bxg2+ 34. Kxg2
Rxd2+ 35. Bxd2 Rxc4 36. Rc1 Re4 37. Re1 Rc4 38. Rc1 Re4 39. Re1 Rc4 40. Rc1 1/2-1/2

[Event "Xtracon Chess Open 2019"]
[Site "Helsingor DEN"]
[Date "2019.07.24"]
[Round "6.126"]
[White "Nielsen, Jorgen Kamp"]
[Black "Rygg, Andreas Gangstad"]
[Result "0-1"]
[WhiteElo "1711"]
[BlackElo "1923"]
[WhiteFideId "1413279"]
[BlackFideId "1527754"]
[EventDate "2019.07.20"]

1. d4 d5 2. Nf3 e6 3. e3 Nf6 4. c4 b6 5. b3 Bb7 6. Bd3 Bd6 7. Nbd2 O-O 8. Bb2
Nbd7 9. O-O Ne4 10. cxd5 exd5 11. Bxe4 dxe4 12. Ne5 Bxe5 13. dxe5 Qe7 14. f4
exf3 15. Nxf3 Bxf3 16. Rxf3 Nxe5 17. Rg3 Rad8 18. Qe1 f6 0-1

[Event "Xtracon Chess Open 2019"]
[Site "Helsingor DEN"]
[Date "2019.07.24"]
[Round "6.127"]
[White "Kristensen, Thomas Overgaard"]
[Black "Arndt, Uwe"]
[Result "0-1"]
[WhiteElo "1700"]
[BlackElo "1922"]
[WhiteFideId "1419803"]
[BlackFideId "24647713"]
[EventDate "2019.07.20"]

1. d4 Nf6 2. c4 e6 3. Nc3 c5 4. d5 exd5 5. cxd5 d6 6. e4 g6 7. Bg5 Bg7 8. Rc1
O-O 9. Bd3 a6 10. Nf3 b5 11. a3 Bg4 12. O-O Nbd7 13. h3 Bxf3 14. Qxf3 Ne5 15.
Qe3 Re8 16. Bb1 Ra7 17. f4 Nc4 18. Qe2 Qb6 19. Ba2 Na5 20. Kh1 c4 21. f5 Nh5 22.
Rf3 Be5 23. Qe1 f6 24. Be3 Bd4 25. fxg6 hxg6 26. g4 Bxe3 27. gxh5 Bxc1 28. Qxc1
gxh5 29. Rxf6 Rg7 30. Qf1 Qe3 31. Bb1 Rg3 32. Kh2 Nb3 33. Nd1 Qg5 34. Rf5 Qh4
35. e5 Nd2 0-1

[Event "Xtracon Chess Open 2019"]
[Site "Helsingor DEN"]
[Date "2019.07.24"]
[Round "6.128"]
[White "Wiberg, Jonas"]
[Black "Christensen, Tommy"]
[Result "1/2-1/2"]
[WhiteElo "1700"]
[BlackElo "1908"]
[WhiteFideId "1720090"]
[BlackFideId "1423266"]
[EventDate "2019.07.20"]

1. d4 Nf6 2. c4 c5 3. d5 e6 4. Nc3 exd5 5. cxd5 d6 6. e4 g6 7. Nf3 Bg7 8. Bd3
O-O 9. O-O Nbd7 10. h3 a6 11. a4 h6 12. Re1 Qc7 13. Nd2 Ne5 14. Bf1 g5 15. Nc4
Ne8 16. Ne3 Qe7 17. Bd2 Qf6 18. Ng4 Qg6 19. Nxe5 Bxe5 20. Be2 Ng7 21. g4 f5 22.
exf5 Bxf5 23. Be3 Bc2 24. Qd2 Rf4 25. Rec1 Bf5 26. gxf5 Nxf5 27. Bxf4 gxf4+ 28.
Kh1 Kh8 29. Rg1 Ng3+ 30. fxg3 fxg3 31. Kg2 Rf8 32. Rgf1 Rf2+ 33. Rxf2 gxf2+ 34.
Kxf2 Qg3+ 35. Kf1 Bf4 36. Qd3 Be3 37. Qxe3 Qxe3 38. Bg4 h5 39. Be6 Qf3+ 40. Kg1
Qg3+ 41. Kf1 Qf3+ 42. Kg1 Qe3+ 43. Kh1 Qf3+ 44. Kg1 Qg3+ 45. Kh1 Qf3+ 1/2-1/2

[Event "Xtracon Chess Open 2019"]
[Site "Helsingor DEN"]
[Date "2019.07.24"]
[Round "6.129"]
[White "Olsen, Kim Alex"]
[Black "Kittilsen, Sigurd"]
[Result "1/2-1/2"]
[WhiteElo "1651"]
[BlackElo "1894"]
[WhiteFideId "1406663"]
[BlackFideId "1515624"]
[EventDate "2019.07.20"]

1. d4 Nf6 2. Bf4 e6 3. e3 c5 4. c3 b6 5. Bd3 Bb7 6. Nf3 Be7 7. Nbd2 cxd4 8. cxd4
Nh5 9. Bg3 O-O 10. Rc1 Nxg3 11. hxg3 g6 12. Be4 Bxe4 13. Nxe4 f5 14. Ned2 Bf6
15. Ke2 d6 16. Rh6 Nd7 17. Rc6 Rc8 18. Qc2 Nb8 19. Rc4 Qd7 20. Qb3 Nc6 21. Qb5
Ne5 22. Qxd7 Nxd7 23. Rh1 b5 24. Rcc1 Nb6 25. b3 Rxc1 26. Rxc1 Rc8 27. Rxc8+
Nxc8 28. Ne1 e5 29. Nc2 Kf7 30. Kd3 Nb6 31. Nb1 a5 32. Nba3 e4+ 33. Kd2 b4 34.
Nc4 Nxc4+ 35. bxc4 Ke8 36. Kc1 Kd7 37. Kb2 Kc6 38. Kb3 Kb6 39. Ka4 Ka6 40. Na1
Bd8 41. Nb3 h6 1/2-1/2

[Event "Xtracon Chess Open 2019"]
[Site "Helsingor DEN"]
[Date "2019.07.24"]
[Round "6.130"]
[White "Undheim, Bjarne"]
[Black "Brokso, Kim"]
[Result "1-0"]
[WhiteElo "1892"]
[BlackElo "1732"]
[WhiteFideId "1506862"]
[BlackFideId "1441477"]
[EventDate "2019.07.20"]

1. e4 c5 2. Nf3 d6 3. Bb5+ Bd7 4. Bxd7+ Nxd7 5. O-O Ngf6 6. Re1 e6 7. c3 Be7 8.
d4 h6 9. e5 dxe5 10. dxe5 Nd5 11. c4 N5b6 12. Qe2 O-O 13. Nc3 a6 14. Qe4 Kh8 15.
b3 f5 16. exf6 Bxf6 17. Bb2 Re8 18. Qxb7 Qc8 19. Qe4 Rb8 20. Re2 Re7 21. Rae1
Nf8 22. Ne5 Bxe5 23. Qxe5 Reb7 24. Ne4 Nbd7 1-0

[Event "Xtracon Chess Open 2019"]
[Site "Helsingor DEN"]
[Date "2019.07.24"]
[Round "6.131"]
[White "Rasmussen, Morten Fredsgaard2"]
[Black "Horslund, Mikael"]
[Result "0-1"]
[WhiteElo "1882"]
[BlackElo "1716"]
[WhiteFideId "1410636"]
[BlackFideId "1421042"]
[EventDate "2019.07.20"]

1. d4 Nf6 2. Bf4 g6 3. e3 Bg7 4. Nf3 d6 5. Nbd2 O-O 6. Bd3 Nc6 7. h3 Qe8 8. Bh2
Nd7 9. O-O e5 10. c3 Kh8 11. Qb3 Qe7 12. a4 a5 13. Rac1 f5 14. e4 f4 15. Rfd1 g5
16. Kf1 h5 17. Nc4 g4 18. hxg4 hxg4 19. d5 Nc5 20. Qc2 gxf3 21. dxc6 fxg2+ 22.
Kxg2 f3+ 23. Kf1 bxc6 24. Bg3 Nxd3 25. Qxd3 Ba6 26. Ke1 Bh6 27. Rb1 Qh7 28. b4
axb4 29. cxb4 Rab8 30. b5 cxb5 31. Nxe5 bxa4 32. Nc4 Rbe8 0-1

[Event "Xtracon Chess Open 2019"]
[Site "Helsingor DEN"]
[Date "2019.07.24"]
[Round "6.132"]
[White "Markussen, Petter B"]
[Black "Weber, Andreas"]
[Result "1/2-1/2"]
[WhiteElo "1873"]
[BlackElo "1704"]
[WhiteFideId "1533045"]
[BlackFideId "24652504"]
[EventDate "2019.07.20"]

1. d4 Nf6 2. Bf4 d5 3. Nf3 b6 4. e3 Bb7 5. Bd3 e6 6. Nbd2 Ne4 7. O-O Bd6 8. c3
Bxf4 9. exf4 Qf6 10. g3 Nd7 11. Re1 Nd6 12. a4 O-O 13. b4 Rac8 14. Ne5 Rfd8 15.
a5 c5 16. axb6 axb6 17. Ra7 c4 18. Bc2 Rb8 19. Ra1 Nb5 20. Qf3 Nxe5 21. dxe5 Qh6
22. Qe3 Qh3 23. f3 h5 24. Red1 d4 25. cxd4 h4 26. Nf1 hxg3 27. hxg3 c3 28. Be4
Bxe4 29. Qxe4 Qh7 30. Rac1 Qxe4 31. fxe4 Nxd4 32. Kf2 Rbc8 33. Ne3 Nb5 34. Rxd8+
Rxd8 35. Nc4 Rd4 36. Nd6 Rxb4 37. Nxb5 Rxb5 38. Rxc3 Kf8 39. Rc7 Rb3 1/2-1/2